00470nam a22001457a 4500040002800000082001600028100002600044245005900070250001200129260004300141300001100184942001200195999001900207952009800226 cC. R. Barber & Partners a423bP294 C aPatrick Hanks9130481 aCollins Dictionary of the English Language 2ne Edition a2nd ed. aEnglandbC. R. Barber & Partnersc1986 a1771p. 2ddccBK c614670d614670 00102ddc4070aSCMEbSCMEd2025-09-18l0o423 P294 CpSCME-D309r2025-09-18w2025-09-18yBK